| 000 | 00497 a2200169 4500 | ||
|---|---|---|---|
| 999 |
_c6651 _d6651 |
||
| 020 | _a1779011180 | ||
| 050 | _aPL8842 NAR 1999 | ||
| 100 |
_aNare, L.G. _eAuthor |
||
| 245 |
_aIlifa lesizwe ibhuku 3 : _bibhuku labantwana / _cL.G. Nare, E. Makalima and M. Ndlovu |
||
| 264 |
_aHarare: _bZimbabwe Publishing House, _c1999 |
||
| 300 | _a89p. : | ||
| 500 | _aNdebele | ||
| 650 |
_aNdebele _xLanguages |
||
| 700 |
_aMakalima, E _eAuthor |
||
| 700 |
_aNdlovu, M _eAuthor |
||
| 942 |
_2lcc _cBK _h8842 _iNAR _kPL |
||